00572 a2200181 450000100060000002000150000604000240002110000210004524000250006624500200009130000070011136200090011865000310012794200070015895201040016595201040026999900170037369271 a8530502035 cAnchieta - Itaigara aCarrasco, Walcyr10aAs asas do Joellpor10aAs asas do Joel a630 a1998 4aLiteratura infanto-juvenil cBK 00104070a88.1b88.1d2023-11-21l0o028.5 CAR ASAp1420/ITAr2023-11-21 20:03:46w2023-11-21yBK 00104070a88.1b88.1d2023-11-21l0o028.5 CAR ASAp1421/ITAr2023-11-21 20:03:46w2023-11-21yBK c69271d69271